[Event "ch-ISL"]
[Site "Reykjavik ISL"]
[Date "2008.09.02"]
[Round "7"]
[White "Ulfarsson,M"]
[Black "Gunnarsson,J"]
[Result "1-0"]
[WhiteElo "2403"]
[BlackElo "2437"]

1.e4 c5 2.Nf3 d6 3.d4 cxd4 4.Nxd4 Nf6 5.Nc3 a6 6.Be3 e5 7.Nb3 Be6 8.Qd2 Nbd7
9.f3 Be7 10.O-O-O O-O 11.g4 b5 12.Kb1 b4 13.Nd5 Bxd5 14.exd5 Nb6 15.Bxb6 Qxb6
16.g5 Nh5 17.Bd3 Nf4 18.Rhg1 a5 19.Be4 a4 20.Nc1 f5 21.gxf6 Bxf6 22.Nd3 Rab8
23.Nxf4 exf4 24.Qxf4 Be5 25.Qh4 g6 26.Bxg6 hxg6 27.Rxg6+ Bg7 28.Rxg7+ Kxg7
29.Qg5+ Kh8 30.Rg1 Qxg1+ 31.Qxg1 Rb7 32.Qg3 Rf6 33.Qh3+ Kg7 34.Kc1 Ra7 35.Kd2 Rff7
36.Ke3 Rfe7+ 37.Kf2 Rac7 38.Qf5 Rf7 39.Qe4 Rf6 40.Qg4+ Kf8 41.Ke3 Re7+ 42.Kd2 Re5
43.Qxb4 Rxd5+ 44.Ke2 Re5+ 45.Kf2 Ref5 46.Qe4 d5 47.Qd3 Kf7 48.a3 Rh5 49.h4 Rf4
50.Qb5 Rhf5 51.Qd3 Rh5 52.Qe3 Rfxh4 53.Qa7+ Ke6 54.Qb6+ Kd7 55.Ke3 Re5+ 56.Kd2 Rf5
57.Qb7+ Kd6 58.Qa6+ Kd7 59.Ke3 Rhf4 60.Qb7+  1-0

[Event "17th CRO-chT 1a"]
[Site "Sibenik CRO"]
[Date "2008.09.03"]
[Round "7"]
[White "Palac,M"]
[Black "Komljenovic,D"]
[Result "0-1"]
[WhiteElo "2587"]
[BlackElo "2452"]

1.e4 c5 2.Nf3 d6 3.d4 cxd4 4.Nxd4 Nf6 5.Nc3 a6 6.Be3 Ng4 7.Bg5 h6 8.Bh4 g5
9.Bg3 Bg7 10.h3 Ne5 11.f3 Nbc6 12.Bf2 Nxd4 13.Bxd4 Be6 14.Qd2 Qa5 15.a3 Rc8
16.h4 Bc4 17.Qf2 Bxf1 18.Rxf1 Rc6 19.O-O-O e6 20.g3 Rg8 21.hxg5 hxg5 22.Rh1 Nc4
23.Bxg7 Rxg7 24.Qa7 Qb6 25.Qxb6 Rxb6 26.Rh8+ Kd7 27.Na4 Rc6 28.Rd3 Rg6  0-1

[Event "2nd Circuit Europe-Echecs"]
[Site "Chalons FRA"]
[Date "2008.09.04"]
[Round "12"]
[White "Vachier Lagrave,M"]
[Black "Cossin,S"]
[Result "1-0"]
[WhiteElo "2681"]
[BlackElo "2466"]

1.e4 c5 2.Nf3 d6 3.d4 cxd4 4.Nxd4 Nf6 5.Nc3 a6 6.Be3 e5 7.Nf3 Be7 8.Bc4 O-O
9.O-O Be6 10.Qe2 Nc6 11.Rad1 b5 12.Bb3 Rc8 13.Bg5 Bg4 14.Qd3 b4 15.Ne2 a5
16.h3 Be6 17.Bxf6 Bxf6 18.Bxe6 fxe6 19.Qxd6 Qxd6 20.Rxd6 Rfd8 21.Rfd1 Rxd6
22.Rxd6 Kf7 23.Rd2 a4 24.Kf1 Be7 25.Nc1 Bc5 26.Nd3 Bd4 27.c3 bxc3 28.bxc3 Bxc3
29.Rc2 Nd4 30.Ndxe5+ Kf6 31.Ng4+  1-0

[Event "2nd Circuit Europe-Echecs"]
[Site "Chalons FRA"]
[Date "2008.09.05"]
[Round "7"]
[White "Vachier Lagrave,M"]
[Black "Guilleux,F"]
[Result "0-1"]
[WhiteElo "2681"]
[BlackElo "2397"]

1.e4 c5 2.Nf3 d6 3.d4 cxd4 4.Nxd4 Nf6 5.Nc3 a6 6.Be3 e6 7.g4 e5 8.Nf5 g6
9.g5 gxf5 10.exf5 d5 11.Qf3 d4 12.O-O-O Nbd7 13.Bc4 Qc7 14.Bxd4 exd4 15.Rhe1+ Be7
16.gxf6 Nxf6 17.Nd5 Nxd5 18.Bxd5 Kf8 19.f6 Bc5 20.Re4 h5 21.Qg2 Rg8 22.Re8+ Kxe8
23.Qxg8+ Kd7 24.Kb1 Kd6 25.Qg3+ Kd7 26.Qg8 Kd6 27.Qg3+ Kd7 28.Qg5 Qd6 29.Re1 Kc7
30.Re7+ Kb6 31.Bxf7 d3 32.Qd2 dxc2+ 33.Qxc2 Bf5 34.Re6 Bxc2+ 35.Kxc2 Qxe6
36.Bxe6 Rf8 37.f7 Kc7 38.Kd3 h4 39.f3 Bg1 40.h3 Bf2 41.Ke4 Kd6 42.Kf5 Ke7
43.Bd5 b6 44.f4 a5 45.Kg6 Bg3 46.f5 Be5 47.b3 Bf6 48.a4 Rd8 49.Bc4 Bd4 50.Be6 Kf8
51.Kg5 Bf2 52.Bc4 Rd2 53.Kf4 Bg3+ 54.Ke3 Rh2 55.Bf1 Rf2 56.Bc4 Rxf5 57.Ke4 Rf2
58.Be6 Ke7 59.Bc4 Rxf7 60.Kd4  0-1

[Event "17th CRO-chT 1b"]
[Site "Sibenik CRO"]
[Date "2008.09.05"]
[Round "9"]
[White "Jurkovic,A"]
[Black "Zufic,M"]
[Result "1-0"]
[WhiteElo "2343"]
[BlackElo "2429"]

1.e4 c5 2.Nf3 d6 3.d4 cxd4 4.Nxd4 Nf6 5.Nc3 a6 6.Be3 e5 7.Nde2 Be6 8.f4 Nbd7
9.f5 Bc4 10.Ng3 Qc7 11.Bxc4 Qxc4 12.Qd3 Qc6 13.Bg5 Rc8 14.Bxf6 Nxf6 15.O-O-O Be7
16.Kb1 O-O 17.Nf1 d5 18.Nxd5 Nxd5 19.exd5 Qa4 20.Nd2 Rfd8 21.Ne4 Rc4 22.b3 Rb4
23.Rhe1 Qa5 24.c3 Rb6 25.g4 Qa3 26.Qc2 h6 27.Nd2 Rc8 28.Re4 Rb5 29.Nc4 Qc5
30.d6 Bf6 31.d7 Rd8 32.Nd6 Rb6 33.Rc4 Qe3 34.Rc8 Qf3 35.h3 Rc6 36.Qd3 Qxd3+
37.Rxd3 Kf8 38.Rxc6 bxc6 39.Nb7 e4 40.Rd1  1-0

[Event "5th LGA Premium Cup"]
[Site "Nuernberg GER"]
[Date "2008.09.06"]
[Round "4"]
[White "Fuchs,Ju"]
[Black "Klek,H"]
[Result "1-0"]
[WhiteElo "2197"]
[BlackElo "1964"]

1.e4 c5 2.Nf3 d6 3.d4 cxd4 4.Nxd4 Nf6 5.Nc3 a6 6.Be3 e5 7.Nf3 Be7 8.Bc4 O-O
9.O-O Nc6 10.Qe2 b5 11.Bd5 Bb7 12.a3 Rc8 13.Rad1 Qc7 14.Bg5 Ne8 15.Be3 Nf6
16.Nh4 Rfd8 17.Nf5 Rd7 18.Qf3 Qd8 19.Qg3 Bf8 20.Nh6+ Kh8 21.Nxf7+ Rxf7 22.Bxf7 Na5
23.Be6 Rb8 24.Bg5 Qe8 25.Bd5 Bxd5 26.exd5 Qg6 27.Bxf6 Qxf6 28.Ne4 Qf5 29.Qf3 Qxf3
30.gxf3 Rc8 31.a4 b4 32.Rd2 Nc4 33.Rd3 Nxb2 34.Rb3 Rxc2 35.Rxb4 Nc4 36.Rb8 Kg8
37.Ng5  1-0

[Event "5th LGA Premium Cup"]
[Site "Nuernberg GER"]
[Date "2008.09.06"]
[Round "5"]
[White "Berelowitsch,A"]
[Black "Mainka,R"]
[Result "1-0"]
[WhiteElo "2557"]
[BlackElo "2480"]

1.e4 c5 2.Nf3 d6 3.d4 cxd4 4.Nxd4 Nf6 5.Nc3 a6 6.Be3 e6 7.g4 h6 8.Bg2 Be7
9.h4 Nfd7 10.g5 hxg5 11.hxg5 Rxh1+ 12.Bxh1 g6 13.Qe2 Bxg5 14.O-O-O Bxe3+
15.Qxe3 Qh4 16.Nf3 Qe7 17.Ng5 f6 18.Nh3 Nc6 19.f4 g5 20.Bf3 Kd8 21.fxg5 fxg5
22.Nxg5 Nce5 23.Rh1 Qf6 24.Nxe6+ Qxe6 25.Nd5 Nf7 26.Rg1 Nfe5 27.Be2 Nc5 28.Qg5+ Kd7
29.Qg7+ Qf7 30.Bh5 Qxg7 31.Rxg7+ Kd8 32.Rg8+ Kd7 33.Nb6+ Kc6 34.Nxa8 Bd7
35.Be8 b5 36.b4 Nxe4 37.Bxd7+ Nxd7 38.Rc8+ Kd5 39.Nc7+ Kd4 40.Nxa6 Nb6 41.Rb8 Nc4
42.Nc7  1-0

[Event "I Liga Seniorow"]
[Site "Ustron POL"]
[Date "2008.09.06"]
[Round "1"]
[White "Magnucka,M"]
[Black "Chlost,M"]
[Result "1/2-1/2"]
[WhiteElo "2080"]
[BlackElo "2131"]

1.e4 c5 2.Nf3 d6 3.d4 cxd4 4.Nxd4 Nf6 5.Nc3 a6 6.Be3 e5 7.Nb3 Be6 8.f3 h5
9.Qd2 Nbd7 10.O-O-O Be7 11.h3 Qc7 12.f4 h4 13.f5 Bc4 14.Bxc4 Qxc4 15.Qd3 Qxd3
16.Rxd3 Rc8 17.Re1 b5 18.a3 Rc7 19.Kb1 Nb8 20.Bg5 Nbd7 21.Bxf6 Nxf6 22.Nd5 Nxd5
23.Rxd5 Rh5 24.Re2 Rg5 25.Nd2 Rc6 26.Nf3 Rg3 27.c3 g6  1/2-1/2

[Event "5th LGA Premium Cup"]
[Site "Nuernberg GER"]
[Date "2008.09.07"]
[Round "6"]
[White "Fuchs,Ju"]
[Black "Noeckler,A"]
[Result "1-0"]
[WhiteElo "2197"]
[BlackElo "1984"]

1.e4 c5 2.Nf3 d6 3.d4 cxd4 4.Nxd4 Nf6 5.Nc3 a6 6.Be3 e5 7.Nf3 Be6 8.Ng5 Bg4
9.f3 Bh5 10.h4 h6 11.Nh3 Ng8 12.g4 Bg6 13.h5 Bh7 14.Qd2 Nf6 15.O-O-O Nbd7
16.Bc4 Nb6 17.Bb3 Rc8 18.g5 hxg5 19.Nxg5 Bg8 20.f4 Nbd7 21.Qe2 Qc7 22.f5 b5
23.Kb1 Nb6 24.Bxb6 Qxb6 25.Nd5 Nxd5 26.Bxd5 Be7 27.Nf3 f6 28.Bxg8 Rxg8 29.Rhg1 Kd7
30.Nh4 Kc6 31.Ng2 d5 32.exd5+ Kb7 33.Rh1 Bc5 34.Ne1 b4 35.Rh3 Rc7 36.c3 bxc3
37.Rxc3 Ka7 38.Nd3 Rd8 39.Qg2 Bd6 40.Rxc7+ Qxc7 41.Rc1 Qb7 42.Rc6 Rd7 43.Qg1+ Ka8
44.Nc5 Bxc5 45.Qxc5 Qb5 46.Qxb5 axb5 47.Rc5 Kb7 48.Rxb5+ Kc7 49.Kc2 e4 50.Kd2 Kd6
51.Ke3 Re7 52.a4 Re5 53.a5 Re8 54.a6 Ke5 55.a7 Ra8 56.Ra5 Kxf5 57.b4 Ke5
58.d6+ Kxd6 59.Kxe4 Kc6 60.Kf5 Kb6 61.Kg6  1-0

[Event "I Liga Seniorow"]
[Site "Ustron POL"]
[Date "2008.09.07"]
[Round "2"]
[White "Talla,V"]
[Black "Moranda,W"]
[Result "0-1"]
[WhiteElo "2407"]
[BlackElo "2533"]

1.e4 c5 2.Nf3 d6 3.d4 cxd4 4.Nxd4 Nf6 5.Nc3 a6 6.Be3 e6 7.Be2 Qc7 8.g4 b5
9.g5 Nfd7 10.a3 Bb7 11.Qd2 Nb6 12.O-O-O N8d7 13.Rhe1 Rc8 14.f4 Nc5 15.Bd3 Nba4
16.Nde2 Nxd3+ 17.Qxd3 Nc5 18.Bxc5 dxc5 19.e5 b4 20.axb4 cxb4 21.Ne4 Bxe4
22.Qxe4 Bc5 23.Kb1 O-O 24.Rd2 a5 25.Red1 a4 26.Rd7 Qa5 27.Nc1 Ra8 28.R1d3 b3
29.Rb7 Qa6 30.Rc3 a3 31.cxb3 axb2 32.Kxb2 Ba3+ 33.Kc2 Bxc1 34.Kxc1 Qa1+ 35.Kd2 Ra2+
36.Rc2 Rd8+ 37.Ke3 Qe1+  0-1

[Event "I Liga Seniorow"]
[Site "Ustron POL"]
[Date "2008.09.08"]
[Round "3"]
[White "Szelag,M"]
[Black "Maksimenko,A"]
[Result "1/2-1/2"]
[WhiteElo "2474"]
[BlackElo "2537"]

1.e4 c5 2.Nf3 d6 3.d4 cxd4 4.Nxd4 Nf6 5.Nc3 a6 6.Be3 e6 7.Be2 Nbd7 8.g4 h6
9.f4 g5 10.fxg5 hxg5 11.Bxg5 b5  1/2-1/2

[Event "I Liga Seniorow"]
[Site "Ustron POL"]
[Date "2008.09.09"]
[Round "4"]
[White "Magnucka,M"]
[Black "Weglarz,Jo"]
[Result "1-0"]
[WhiteElo "2080"]
[BlackElo "2026"]

1.e4 c5 2.Nf3 d6 3.d4 cxd4 4.Nxd4 Nf6 5.Nc3 a6 6.Be3 e6 7.f3 b5 8.Qd2 Nbd7
9.O-O-O Nb6 10.Bd3 Bb7 11.g4 Rc8 12.Kb1 Nfd7 13.Nce2 Ne5 14.g5 d5 15.Ng3 Nec4
16.Bxc4 Nxc4 17.Qe2 Bc5 18.Bc1 Qb6 19.Nb3 O-O 20.Nxc5 Qxc5 21.h4 a5 22.h5 a4
23.h6 g6 24.exd5 Bxd5 25.Ne4 Bxe4 26.Qxe4 Nd6 27.Qd3 Nf5 28.Rhe1 e5 29.Qe4 Rfe8
30.Rd5 Qc7 31.b3 Nd6 32.Qd3 Nc4 33.Rxb5 axb3 34.cxb3 Nd6 35.Rd5 Nf5 36.Bb2 Nd4
37.Bxd4 exd4 38.Rd1 Qg3 39.Qxd4  1-0

[Event "DMP Ekstraliga"]
[Site "Karpacz POL"]
[Date "2008.09.10"]
[Round "5"]
[White "Czarnota,P"]
[Black "Jakubowski,K"]
[Result "1-0"]
[WhiteElo "2526"]
[BlackElo "2497"]

1.e4 c5 2.Nf3 d6 3.d4 cxd4 4.Nxd4 Nf6 5.Nc3 a6 6.Be3 e5 7.Nb3 Be7 8.f4 Ng4
9.Bd2 Nxh2 10.Rxh2 Bh4+ 11.g3 Bxg3+ 12.Rf2 Qh4 13.Qf3 Bg4 14.Qg2 Nc6 15.Nd5 Rc8
16.f5 Ne7 17.Nxe7 Bxf2+ 18.Qxf2 Qxf2+ 19.Kxf2 Kxe7 20.Kg3 Bh5 21.Bd3 f6 22.Na5 Rc7
23.Nc4 Bf7 24.Ne3 g5 25.a4 h5 26.a5 Rb8 27.c4 Rcc8 28.b4 Rc7 29.Nd5+ Bxd5
30.exd5 h4+ 31.Kg4 Rh8 32.Rh1 h3 33.Rxh3 Rxh3 34.Kxh3 Kd8 35.Kg2 Rh7 36.Be1 Kd7
37.Bf2 Rh8 38.c5 Rh5 39.Be2 Rh8 40.Bf3 Kc7 41.cxd6+ Kxd6 42.Bc5+ Kd7 43.d6 e4
44.Bxe4 Re8 45.Bxb7 Rh8  1-0

[Event "XXV Aniversario"]
[Site "Parla ESP"]
[Date "2008.09.10"]
[Round "5"]
[White "Baeza Escudero,J"]
[Black "Moreno Sanchez,A"]
[Result "1-0"]
[WhiteElo "1971"]
[BlackElo "1891"]

1.e4 c5 2.Nf3 d6 3.d4 cxd4 4.Nxd4 Nf6 5.Nc3 a6 6.Be3 e6 7.g4 h6 8.f3 Bd7
9.Qd2 Be7 10.O-O-O Nc6 11.Rg1 Qc7 12.Kb1 b5 13.Bd3 Nxd4 14.Bxd4 b4 15.Ne2 e5
16.Bf2 a5 17.Ng3 O-O 18.Nf5 Be6 19.g5 Nh7 20.gxh6 g6 21.h4 f6 22.Rxg6+ Kh8
23.Rdg1 Rg8 24.Rg7 Rxg7 25.Rxg7 Bxf5 26.exf5 Rg8 27.Rxg8+ Kxg8 28.Be4 Kf8
29.Be3 Ke8 30.Qd5 Bf8 31.Qb5+ Kd8 32.Bb6  1-0

[Event "I Liga Seniorow"]
[Site "Ustron POL"]
[Date "2008.09.10"]
[Round "5"]
[White "Szelag,M"]
[Black "Antoniewski,R"]
[Result "1/2-1/2"]
[WhiteElo "2474"]
[BlackElo "2503"]

1.e4 c5 2.Nf3 d6 3.d4 cxd4 4.Nxd4 Nf6 5.Nc3 a6 6.Be3 e6 7.Be2 Qc7 8.Qd2 b5
9.a3 Nbd7 10.O-O-O Rb8 11.f4 Bb7 12.Bf3 Nb6 13.Qd3 Nc4 14.Bf2 Rc8 15.Rhe1 Nd7
16.Nd5 exd5 17.exd5+ Kd8 18.Bh4+ Nf6 19.Qf5 Be7 20.Re6 Re8 21.Rde1 Nxb2 22.Bxf6 gxf6
23.Qxh7 Qc3 24.Rxe7 Nd3+ 25.Qxd3 Rxe7 26.Qxc3 Rxc3 27.Rxe7 Kxe7 28.Kb2 Rc5
29.Nb3 Rc8 30.Na5 Ba8 31.h3 Rc5 32.Nb3 Rc4 33.g3 f5 34.c3 Kf6 35.Nd4 Rc5
36.Nb3 Rc8 37.Nd4 Rh8 38.h4 Rg8 39.Ne2 Re8 40.Nd4 Re1 41.Kb3 Rb1+ 42.Kc2 Rg1
43.Ne2 Rf1 44.Nd4 Rf2+ 45.Kd3 Bb7 46.c4 Ra2 47.Nc2 Rb2 48.Kc3 Rb1 49.cxb5 Rg1
50.bxa6 Bxa6 51.Nd4 Rxg3 52.Kd2 Rg1 53.Nc2 Bb5 54.Nd4 Bd7 55.Kc3 Rc1+ 56.Kb4 Rb1+
57.Nb3 Rb2 58.h5 Rh2 59.Nd4 Rd2 60.Kc3 Ra2 61.Kb3 Ra1 62.Kb4 Rb1+ 63.Kc3 Ba4
64.Be2 Bd7  1/2-1/2

[Event "II ROMGAZ Open"]
[Site "Bucharest ROU"]
[Date "2008.09.11"]
[Round "1"]
[White "Savu,I2"]
[Black "Berescu,A"]
[Result "0-1"]
[WhiteElo "1924"]
[BlackElo "2489"]

1.e4 c5 2.Nf3 d6 3.d4 cxd4 4.Nxd4 Nf6 5.Nc3 a6 6.Be3 e5 7.Nb3 Be6 8.Be2 Be7
9.O-O Nbd7 10.f4 Rc8 11.Qd2 b5 12.a3 O-O 13.Nc1 Qc7 14.Nd3 Nb6 15.Nb4 Qb7
16.Bxb6 Qxb6+ 17.Kh1 Rxc3 18.Qxc3 Nxe4 19.Qf3 Nd2 20.Qf2 Bd8 21.Qxb6 Bxb6
22.Rfe1 exf4 23.Bd3 f3 24.gxf3 a5 25.Re2 Nxf3 26.Nc6 Nh4 27.Be4 Re8 28.Ree1 f5
29.Bg2 Nxg2 30.Kxg2 Bd5+ 31.Kg3 Bxc6 32.Rxe8+ Bxe8 33.Rd1 Kf7 34.Kf4 g6 35.h4 Bc6
36.h5 Be4 37.hxg6+ hxg6 38.c3 Bd8 39.b4 g5+ 40.Ke3 Ke6 41.Rc1 d5 42.Ra1 a4
43.Ra2 f4+ 44.Kf2 g4  0-1

[Event "DMP Ekstraliga"]
[Site "Karpacz POL"]
[Date "2008.09.11"]
[Round "6"]
[White "Zawadzka,J"]
[Black "Worek,J"]
[Result "1/2-1/2"]
[WhiteElo "2389"]
[BlackElo "2294"]

1.e4 c5 2.Nf3 d6 3.d4 cxd4 4.Nxd4 Nf6 5.Nc3 a6 6.Be3 e5 7.Nb3 Be7 8.f3 Be6
9.Qd2 O-O 10.O-O-O Nbd7 11.g4 b5 12.g5 b4 13.Ne2 Ne8 14.f4 a5 15.f5 Bxb3
16.cxb3 a4 17.bxa4 Rxa4 18.b3 Ra5 19.Kb1 d5 20.f6 gxf6 21.gxf6 Ndxf6 22.Ng3 Kh8
23.Qc2 Nd6 24.Bd3 Qc8 25.Bg5 Qxc2+ 26.Bxc2 Ng8 27.Bd2 Nb5 28.Bd3 Na3+ 29.Kb2 Bc5
30.Nf5 Rfa8 31.exd5 Ne7 32.Bg5 Nxf5 33.Bxf5 Kg7 34.Rhg1 Bxg1 35.Rxg1 Kf8
36.d6 f6 37.Bh6+ Kf7 38.Rg7+ Ke8 39.Be6 Nc4+ 40.Bxc4 Rxa2+ 41.Kb1 Ra1+ 42.Kc2 R8a2+
43.Kd3 Rd1+ 44.Ke4 Rxd6 45.Be3 Rxh2 46.Bc5 Rh4+ 47.Kf3 Rxc4 48.Bxd6 Rd4 49.Bc5 Rd5
50.Bb6 Rd3+ 51.Ke4 Rxb3 52.Kf5 Rc3 53.Ba5 Rc6 54.Bxb4 h5 55.Rh7 Rb6 56.Be7 e4
57.Bxf6 Rc6 58.Bg5 h4 59.Bxh4 e3 60.Re7+ Kd8 61.Rxe3+ Kc7 62.Bg3+ Kb6 63.Ke5 Rc5+
64.Kd4 Rg5 65.Rc3 Rg4+ 66.Kd5 Kb5 67.Bd6 Rg5+ 68.Be5 Rg4 69.Rb3+ Rb4 70.Ra3 Ra4
71.Rh3 Rg4 72.Bf6 Rf4 73.Be5 Rg4 74.Rh8 Rg6 75.Bf4 Rf6 76.Rb8+ Rb6 77.Rf8 Rb7
78.Bd6 Kb6 79.Rf1 Rh7 80.Rb1+ Ka5 81.Bc5 Rh6 82.Kc4 Ka6 83.Be3 Rc6+ 84.Kd5 Rg6
85.Bf4 Rb6 86.Rc1 Rb5+ 87.Kc6 Rb6+ 88.Kc7 Rb7+ 89.Kc8 Rf7 90.Bc7 Rh7 91.Rb1 Rh4
92.Kd7 Rc4 93.Kd6 Rc2 94.Bb6 Rg2 95.Bc5 Rg6+ 96.Kd5 Rf6 97.Bd6 Rf5+ 98.Kc6 Ra5
99.Bc5 Rb5 100.Ra1+ Ra5 101.Re1 Rb5 102.Bd6 Rb6+ 103.Kc7 Rb7+ 104.Kc8 Rb5
105.Bc7 Rb3 106.Re5 Ra3 107.Rc5 Ra2 108.Kd7 Ra3 109.Kc6 Ra2 110.Rc4 Ra1 111.Bd6 Ra2  1/2-1/2

[Event "IV Geller Memorial"]
[Site "Odessa UKR"]
[Date "2008.09.11"]
[Round "3"]
[White "Sharapov,E"]
[Black "Tukhaev,A"]
[Result "0-1"]
[WhiteElo "2431"]
[BlackElo "2498"]

1.e4 c5 2.Nf3 d6 3.d4 Nf6 4.Nc3 cxd4 5.Nxd4 a6 6.Be3 e6 7.f3 b5 8.g4 h6 9.Qd2 b4
10.Na4 Nbd7 11.c4 bxc3 12.Nxc3 Bb7 13.Bc4 Ne5 14.Bb3 Be7 15.O-O O-O 16.Bxe6 fxe6
17.Nxe6 Qd7 18.Nxf8 Rxf8 19.Qe2 Nh7 20.Rad1 Ng5 21.Bxg5 Bxg5 22.Nd5 Bc6 23.f4 Bxd5
24.fxe5 Rxf1+ 25.Kxf1 Bc6 26.Rxd6 Qxd6 27.exd6 Bb5 28.Qxb5 axb5 29.b3 Kf7
30.a4 bxa4 31.bxa4 Ke6 32.a5 Kxd6 33.Ke2 Bd8 34.a6 Bb6 35.g5 h5 36.g6 Ke5
37.Kf3 Kf6 38.Kf4 Bc7+ 39.Kf3 Bb8 40.Ke3 Kxg6 41.Kd4 Bxh2 42.Kd5 Bb8 43.Kc6 h4  0-1

[Event "IV Geller Memorial"]
[Site "Odessa UKR"]
[Date "2008.09.12"]
[Round "4"]
[White "Stets,D"]
[Black "Khazankin,M"]
[Result "1-0"]
[WhiteElo "2420"]
[BlackElo "2106"]

1.e4 c5 2.Nf3 d6 3.d4 cxd4 4.Nxd4 Nf6 5.Nc3 a6 6.Be3 e5 7.Nb3 Be6 8.Qd2 Be7
9.O-O-O Nbd7 10.f4 Ng4 11.g3 Nxe3 12.Qxe3 Qb6 13.Qxb6 Nxb6 14.Na5 Rb8 15.f5 Bd7
16.Nc4 Nxc4 17.Bxc4 Bc6 18.Kb1 O-O 19.h4 Rfc8 20.Bd5 Kf8 21.Rh2 b5 22.Bxc6 Rxc6
23.Nd5 Rc4 24.Re2 a5 25.b3 Rc6 26.c3 f6 27.Kc2 Bd8 28.g4 Rbc8 29.Kd3 Rb8
30.Rb2 Bb6 31.g5 Bd8 32.Rg2 fxg5 33.hxg5 Rb7 34.Rh1 Kg8 35.Rgh2 Bxg5 36.Rxh7 Kf7
37.Rg1 Kg8 38.Rh5 Bd8 39.f6 Rd7 40.Rhg5 Kf8 41.Rxg7 Rxg7 42.fxg7+ Kg8 43.Rg6 Ra6
44.Ne3 Ra7 45.Nf5  1-0

[Event "TCh-SRB 1st League"]
[Site "Subotica SRB"]
[Date "2008.09.12"]
[Round "11"]
[White "Nestorovic,N"]
[Black "Popovic,Du"]
[Result "1-0"]
[WhiteElo "2422"]
[BlackElo "2551"]

1.e4 c5 2.Nf3 d6 3.d4 cxd4 4.Nxd4 Nf6 5.Nc3 a6 6.Be3 e5 7.Nb3 Be7 8.Qd2 O-O
9.f4 Ng4 10.f5 b5 11.Nd5 Bh4+ 12.g3 Nxe3 13.Qxe3 Bg5 14.Qd3 Bb7 15.h4 Bh6
16.g4 f6 17.Ne3 Nd7 18.O-O-O Qb6 19.g5 fxg5 20.Ng4 d5 21.exd5 gxh4+ 22.Nxh6+ Qxh6+
23.Kb1 Nb6 24.Bg2 Rad8 25.Qh3 Bxd5 26.Nc5 Bxg2 27.Qxg2 Rxd1+ 28.Rxd1 Nc4
29.Qd5+ Kh8 30.Ne6 Ne3 31.Qc5 Rg8 32.Rd7 Qf6 33.Qxe3 Qxf5 34.Nc5 h3 35.Rd1 g5
36.b3 g4 37.Qg3 Qf4 38.Qh4 h2 39.Ne6 Qf5 40.Nd8 g3 41.Qe7 g2 42.Nf7+ Qxf7
43.Qxf7 g1=Q 44.Qf6+ Qg7 45.Qh4 Re8 46.Qxh2 e4 47.Qd6 e3 48.Qc6 Qg6 49.Qc3+ Kg8
50.Re1 Qg3 51.a4 bxa4 52.Qc4+ Kh8 53.Qd4+ Kg8 54.Qc4+ Kg7 55.Qd4+ Qe5 56.Qxa4 a5
57.Qd7+ Kh8 58.Rh1 h5 59.Qf7 Re6 60.Rxh5+  1-0

[Event "I Liga Seniorow"]
[Site "Ustron POL"]
[Date "2008.09.12"]
[Round "7"]
[White "Kulon,K"]
[Black "Chlost,M"]
[Result "1-0"]
[WhiteElo "2217"]
[BlackElo "2131"]

1.e4 c5 2.Nf3 d6 3.d4 cxd4 4.Nxd4 Nf6 5.Nc3 a6 6.Be3 e5 7.Nb3 Be6 8.f3 Be7
9.Qd2 Nbd7 10.g4 O-O 11.O-O-O Qc7 12.g5 Nh5 13.Nd5 Bxd5 14.exd5 g6 15.Kb1 Rfc8
16.Bh3 a5 17.Bg4 a4 18.Nc1 Nf4 19.Bxf4 exf4 20.h4 a3 21.b3 Ne5 22.Bxc8 Nxf3
23.Qb4 Rxc8 24.c4 Qd7 25.Nd3 Qf5 26.Qb6 Rc5 27.Qxb7 Bf8 28.Rhf1 Qe4 29.Kc2 Qe2+
30.Kc3 Nd4 31.Nxf4 Qb2+ 32.Kb4 Nc2+ 33.Ka4 Qc3 34.Qxf7+ Kxf7 35.Ne2+ Kg8
36.Nxc3 Rc8 37.Rf2 Ra8+ 38.Kb5 Ne3 39.Re1 Nf5 40.Re4 Bg7 41.Na4 Rb8+ 42.Kc6 Be5
43.Kc7 Rf8 44.Nb6 Bc3 45.Rc2 Bb4 46.Nd7 Rf7 47.Kc6 Be1 48.Rxe1 Nd4+ 49.Kxd6 Nxc2
50.Re8+ Kg7 51.Ra8 Ne3 52.Nf6 Nf5+ 53.Kc6  1-0

[Event "DMP Ekstraliga"]
[Site "Karpacz POL"]
[Date "2008.09.13"]
[Round "8"]
[White "Chmiel,D"]
[Black "Dworakowska,J"]
[Result "0-1"]
[WhiteElo "2204"]
[BlackElo "2340"]

1.e4 c5 2.Nf3 d6 3.d4 cxd4 4.Nxd4 Nf6 5.Nc3 a6 6.Be3 e5 7.Nb3 Be7 8.f3 Be6
9.Qd2 O-O 10.O-O-O a5 11.a4 Nc6 12.g4 Nb4 13.Qf2 Nd7 14.h4 Rc8 15.Rd2 Rxc3
16.bxc3 Na6 17.Bb5 Qc7 18.Rd3 Bc4 19.Bxc4 Qxc4 20.Kd2 Qc7 21.Ke2 b6 22.Rhd1 Qc6
23.Kf1 Nc7 24.Qd2 Ne8 25.Nc1 h5 26.g5 f5 27.gxf6 Ndxf6 28.Bf2 Nxe4 29.Qe3 Nxf2
30.Qxf2 Nf6 31.Ne2 Ng4 32.Qg2 e4 33.Nd4 Qc8 34.Kg1 exd3 35.fxg4 dxc2 36.Nxc2 Qxg4
37.Qxg4 hxg4 38.Rd4 Rf3 39.c4 Rc3 40.Ne1 Rc1  0-1

[Event "I Liga Seniorow"]
[Site "Ustron POL"]
[Date "2008.09.13"]
[Round "8"]
[White "Talla,V"]
[Black "Luch,M"]
[Result "1/2-1/2"]
[WhiteElo "2407"]
[BlackElo "2412"]

1.e4 c5 2.Nf3 d6 3.d4 cxd4 4.Nxd4 Nf6 5.Nc3 a6 6.Be3 e5 7.Nf3 Qc7 8.Be2 Be7
9.O-O b5 10.a4 b4 11.Nd5 Nxd5 12.exd5 Nd7 13.a5 Bb7 14.b3 O-O 15.Ra4 Rfb8
16.Bc4 Nc5  1/2-1/2

[Event "DMP Ekstraliga"]
[Site "Karpacz POL"]
[Date "2008.09.14"]
[Round "9"]
[White "Warakomska,A"]
[Black "Tokarski,L"]
[Result "1-0"]
[WhiteElo "2211"]
[BlackElo "2238"]

1.e4 c5 2.Nf3 d6 3.d4 cxd4 4.Nxd4 Nf6 5.Nc3 a6 6.Be3 e5 7.Nf3 Qc7 8.a4 b6
9.Qd3 Bb7 10.Qc4 Qxc4 11.Bxc4 h6 12.Nd2 Nbd7 13.f3 Be7 14.O-O O-O 15.Bb3 Rab8
16.Rfd1 Rfc8 17.Nc4 Rc6 18.Bf2 Rbc8 19.Ne3 Bf8 20.Ned5 g6 21.a5 b5 22.Nb4 R6c7
23.Bb6 Rc5 24.Bxc5 dxc5 25.Nbd5 c4 26.Ba2 Bc5+ 27.Kh1 Bd4 28.Rab1 Kg7 29.Ne2 Nxd5
30.exd5 Be3 31.b3 c3 32.Rd3 Bd2 33.b4 Nf6 34.Ng3 Rd8 35.Ne4 Nxe4 36.fxe4 f5
37.exf5 gxf5 38.Rd1 e4 39.R3xd2 cxd2 40.Rxd2 e3 41.Re2 f4 42.g3 fxg3 43.Rxe3 Bxd5+
44.Bxd5 Rxd5 45.Rxg3+ Kf6 46.Rc3 Ke5 47.Kg2 Rd6 48.Kf3 Rf6+ 49.Ke3 Kd5 50.Rc5+ Kd6
51.c3 Rf7 52.Ke4 Rg7 53.Rh5 Rg6 54.Rh4 Ke6 55.Kd4 Kd6 56.c4 bxc4 57.Kxc4 Kc6
58.Rf4 Re6 59.Rf7 Re4+ 60.Kb3 Rh4 61.Ra7 Rxh2 62.Rxa6+ Kb7 63.Rb6+ Ka7 64.Kc4 h5
65.Rh6 h4 66.Rh7+ Kb8 67.Kb5 Kc8 68.a6  1-0

[Event "EYb12"]
[Site "Herceg Novi MNE"]
[Date "2008.09.15"]
[Round "1"]
[White "Pusonja,N"]
[Black "Giroyan,G"]
[Result "1-0"]
[WhiteElo "1603"]
[BlackElo "2041"]

1.e4 c5 2.Nf3 d6 3.d4 cxd4 4.Nxd4 Nf6 5.Nc3 a6 6.Be3 e6 7.Be2 Qc7 8.Qd2 b5
9.f3 Nbd7 10.O-O-O Bb7 11.g4 Nb6 12.Nb3 Rc8 13.Na5 Ba8 14.a3 Nfd7 15.Nb3 Nc5
16.Nxc5 dxc5 17.Bf4 e5 18.Bg5 b4 19.Nb5 Qb8 20.Na7 f6 21.Nxc8 Qxc8 22.Be3 bxa3
23.bxa3 Be7 24.Qa5 Qb8 25.Bxc5 Bxc5 26.Qxc5 Kf7 27.Bc4+ Kg6 28.h4 h6 29.Be6 Re8
30.Bf5+ Kf7 31.h5 Kg8 32.Rd3 Nc8 33.Bd7  1-0

[Event "4th Pichay Cup"]
[Site "Manila PHI"]
[Date "2008.09.15"]
[Round "2"]
[White "Nguyen Van Huy"]
[Black "Nolte,R"]
[Result "1-0"]
[WhiteElo "2386"]
[BlackElo "2522"]

1.e4 c5 2.Nf3 d6 3.d4 cxd4 4.Nxd4 Nf6 5.Nc3 a6 6.Be3 e6 7.Qf3 Nbd7 8.Be2 h5
9.Bd3 Qc7 10.Qe2 b5 11.a4 b4 12.Na2 e5 13.Nb3 d5 14.exd5 Nxd5 15.Bd2 N7f6
16.O-O Bd6 17.c4 bxc3 18.Nxc3 Nxc3 19.Bxc3 Bg4 20.Qe1 O-O 21.Nd2 Nd5 22.Qe4 Nf6
23.Qc4 Rfd8 24.Ne4 Nxe4 25.Qxc7 Bxc7 26.Bxe4 Rab8 27.Rfe1 Be6 28.Bf3 g6 29.Be2 Ra8
30.Rad1 a5 31.Bb5 Bb3 32.Rxd8+ Rxd8 33.Kf1 f6 34.f4 Rd5 35.fxe5 fxe5 36.Re3 Kg7
37.Ke1 Kf6 38.Bd2 Ba2 39.Rf3+ Kg7 40.Rc3 Bd6 41.Rc6 e4 42.Bxa5 Bxh2 43.Bc3+ Kh6
44.Bc4 Bxc4 45.Rxc4 Bg3+ 46.Ke2 Rf5 47.Bd2+ g5 48.Be3  1-0

[Event "4th Pichay Cup"]
[Site "Manila PHI"]
[Date "2008.09.15"]
[Round "3"]
[White "Wen Yang"]
[Black "Ghaem Maghami,E"]
[Result "1/2-1/2"]
[WhiteElo "2487"]
[BlackElo "2597"]

1.e4 c5 2.Nf3 d6 3.d4 cxd4 4.Nxd4 Nf6 5.Nc3 a6 6.Be3 e5 7.Nb3 Be6 8.h3 Nbd7
9.Qf3 Rc8 10.O-O-O Nb6 11.Nc5 Be7 12.g4  1/2-1/2

[Event "Autumn-3"]
[Site "Alushta UKR"]
[Date "2008.09.16"]
[Round "4"]
[White "Nosov,A"]
[Black "Amanov,M"]
[Result "0-1"]
[WhiteElo "2372"]
[BlackElo "2385"]

1.e4 c5 2.Nf3 d6 3.d4 cxd4 4.Nxd4 Nf6 5.Nc3 a6 6.Be3 e6 7.f3 b5 8.Qd2 Nbd7
9.g4 Nb6 10.Qf2 Nfd7 11.O-O-O Bb7 12.Bd3 Rc8 13.Nce2 Qc7 14.Kb1 Na4 15.Bc1 Ndc5
16.Ng3 d5 17.Rhe1 dxe4 18.Nxe4 Nxd3 19.Rxd3 Bb4 20.Red1 O-O 21.a3 Ba5 22.c3 Bb6
23.Qg2 Rcd8 24.Bg5 f6 25.Bc1 Bxe4 26.fxe4 Nc5 27.R3d2 Qb7 28.Re1 Rd7 29.Ree2 Bc7
30.h4 Be5 31.h5 a5 32.Nc2 Nd3 33.Rd1 Nxc1 34.Rxd7 Qxd7 35.Kxc1 Rd8 36.Qg1 Qd3
37.Qe1 b4 38.axb4 axb4 39.cxb4 Qb3  0-1

[Event "EYg14"]
[Site "Herceg Novi MNE"]
[Date "2008.09.16"]
[Round "2"]
[White "Salido Polo,V"]
[Black "Chrzaszcz,M"]
[Result "0-1"]
[WhiteElo "1835"]
[BlackElo "1986"]

1.e4 c5 2.Nf3 d6 3.d4 cxd4 4.Nxd4 Nf6 5.Nc3 a6 6.Be3 e5 7.Nb3 Be7 8.f3 Be6
9.Qd2 O-O 10.O-O-O Nbd7 11.g4 b5 12.Nd5 Bxd5 13.exd5 Nb6 14.Na5 Nbxd5 15.Nc6 Qc7
16.Nxe7+ Nxe7 17.Qxd6 Rac8 18.Qxc7 Rxc7 19.Rd6 Nfd5 20.Bd2 Rfc8 21.Bd3 Rc6
22.Rxc6 Nxc6 23.Rd1 Nd4 24.Be4 Nf6 25.Bf5 Rd8 26.Rf1 Nxf5 27.gxf5 Nd5 28.Rd1 Ne7
29.Re1 f6 30.f4 Rd5 31.Bc3 Nc6 32.fxe5 fxe5 33.Re4 Kf7 34.Rh4 h6 35.Bd2 Nd4
36.Rh5 Kf6 37.c3 Nxf5 38.Rh3 g5 39.c4 Rc5 40.b3 bxc4 41.Rc3 Nd6 42.Rc2 Rc8
43.Bb4 cxb3 44.Rxc8 Nxc8 45.axb3 Nb6 46.Kd2 e4 47.Bf8 h5 48.Ke3 Nd7 49.Bb4 Ke5
50.Bc3+ Kd5  0-1